[Event "Bad Koenigshofen op 6th"]
[Site "Bad Koenigshofen"]
[Date "2007.12.29"]
[Round "7"]
[White "Baeuml, Gerhard"]
[Black "Akuerek, Ferdi"]
[Result "0-1"]
[WhiteElo "1451"]
[BlackElo "1473"]
[PlyCount "108"]
[EventDate "2007.12.26"]
[EventType "swiss"]
[EventRounds "7"]
[EventCountry "GER"]
[SourceTitle "CBM 122 Extra"]
[Source "ChessBase"]
[SourceDate "2008.03.04"]
[SourceVersion "1"]
[SourceVersionDate "2008.03.04"]
[SourceQuality "1"]

1. e4 d6 2. d4 Nf6 3. Nc3 g6 4. Bg5 h6 5. Bh4 Bg7 6. Qd2 a6 7. Nf3 b5 8. Bd3 c5 9. dxc5 dxc5 10. Bxf6 exf6 11. Qe3 Nd7 12. Rd1 Bb7 13. 0-0 0-0 14. Rfe1 Re8 15. Qd2 Nb6 16. Qf4 Qb8 17. Qe3 Qc7 18. Qc1 Re7 19. a3 Rae8 20. Nd2 Qc8 21. f4 c4 22. Bf1 Qc7 23. g3 Qc5+ 24. Kh1 f5 25. Bg2 Bxc3 26. bxc3 fxe4 27. Re2 f5 28. Rde1 Nd5 29. Nxe4 fxe4 30. Rxe4 Rxe4 31. Rxe4 Rxe4 32. Bxe4 Kg7 33. Qd2 Bc6 34. Qd4+ Qxd4 35. cxd4 Ne7 36. Bxc6 Nxc6 37. d5 Nb8 38. Kg2 Kf6 39. Kf3 h5 40. Ke4 Nd7 41. Kd4 Ke7 42. h3 Kd6 43. g4 hxg4 44. hxg4 Nf6 45. f5 gxf5 46. gxf5 Nxd5 47. a4 Nf6 48. axb5 axb5 49. Kc3 Kc5 50. Kb2 b4 51. Kc1 Kd4 52. Kb2 Nd5 53. Kc1 Kc3 54. f6 Nxf6 0-1

[Event "Bad Koenigshofen op 6th"]
[Site "Bad Koenigshofen"]
[Date "2007.12.28"]
[Round "5"]
[White "Akuerek, Ferdi"]
[Black "Waltner, Herbert"]
[Result "1-0"]
[WhiteElo "1473"]
[BlackElo "1536"]
[PlyCount "73"]
[EventDate "2007.12.26"]
[EventType "swiss"]
[EventRounds "7"]
[EventCountry "GER"]
[SourceTitle "CBM 122 Extra"]
[Source "ChessBase"]
[SourceDate "2008.03.04"]
[SourceVersion "1"]
[SourceVersionDate "2008.03.04"]
[SourceQuality "1"]

1. e4 e6 2. d4 d5 3. Nd2 Nf6 4. Bd3 Be7 5. Ngf3 Nc6 6. e5 Nd7 7. c3 f6 8. exf6 Nxf6 9. Qe2 0-0 10. 0-0 Bd6 11. h3 Re8 12. Ne5 Ne7 13. g4 c5 14. g5 Nd7 15. Ndf3 Bxe5 16. dxe5 Nf5 17. Kh1 Nf8 18. Rg1 g6 19. Nh2 b6 20. Ng4 Nd7 21. Bb5 Rf8 22. Bxd7 Bxd7 23. Nf6+ Kg7 24. Qg4 Bc6 25. f3 d4 26. h4 Ne3 27. Bxe3 dxe3 28. Rad1 Qc7 29. Rd6 Rae8 30. h5 Qb7 31. Kh2 Re7 32. Kg3 Qc7 33. hxg6 hxg6 34. Rh1 Rh8 35. Rxh8 Kxh8 36. Qh4+ Rh7 37. Rd8+ 1-0